Fr. Conceicao Rodrigues College of Engineering

Business Communication today (Record no. 23895)

MARC details
000 -LEADER
fixed length control field 00380nam a2200169Ia 4500
082 ## - DEWEY DECIMAL CLASSIFICATION NUMBER
Classification number 372.6/BOV
Item number BOV
100 ## - MAIN ENTRY--PERSONAL NAME
Personal name Bovee/Courtland L
250 ## - EDITION STATEMENT
Edition statement 8
245 ## - TITLE STATEMENT
Title Business Communication today
260 ## - PUBLICATION, DISTRIBUTION, ETC.
Name of publisher, distributor, etc. Pearson
Place of publication, distribution, etc. Mumbai
Date of publication, distribution, etc. 2005
366 ## - TRADE AVAILABILITY INFORMATION
Publishers's discount category 15
546 ## - LANGUAGE NOTE
Language note ENGLISH
650 ## - SUBJECT ADDED ENTRY--TOPICAL TERM
Topical term or geographic name entry element Business Communication
654 ## - SUBJECT ADDED ENTRY--FACETED TOPICAL TERMS
Focus term business communication
942 ## - ADDED ENTRY ELEMENTS (KOHA)
Koha item type BOOK
Holdings
Withdrawn status Lost status Damaged status Not for loan Collection Home library Current library Date acquired Source of acquisition Cost, normal purchase price Inventory number Total Checkouts Full call number Barcode Date last seen Date last checked out Cost, replacement price Price effective from Koha item type
        CRC Fr. Agnel's C.Rodrigues College of Engineering AGNEL TECHNICAL COLLEGE LIBRARY 17/03/2023 Unique Book Distributors 410.00 5431 dt 06/02/2008 1 372.6/BOV BOV 18328 11/08/2023 03/08/2023 425.00   BOOK